Music Quiz

Random Music or Kpop Quiz

Kpop disbanded groups Quiz Stats

 Plays Quiz not verified by Sporcle

Also try: Triple Hit Wonders
Challenge
Share
Tweet
Embed
Score 0/51 Timer 20:00
0 Plays Today
Group name % Correct
4minute
85.7%
Kara
68.1%
C-Clown
38.3%
SPEED
27.7%
Glam
23.1%
Jewelry
20.6%
F-ve dolls
20.4%
LC9
19.2%
The Ark
18.7%
Co-ed school
16.5%
Evol
16%
Wonder boyz
15.6%
Tiny-G
15.1%
LEDapple
13.9%
Bob Girls
13.7%
A-Prince
13.2%
Kiss&Cry
12.6%
Dalmatian
12.5%
AA
12.3%
4L
10.6%
1punch
10.3%
BTL
10.3%
Chocolat
10.1%
A6P
9%
8eight
8.9%
Airplane
8.9%
Group name % Correct
D-Unit
8.4%
Alice White
8.1%
ZPZG
8.1%
Moa
7.5%
SHU-I
7.5%
NOM
7.3%
Scarlet
7.3%
Blast
7.2%
Loveus
7.2%
Demion
7%
Vividiva
6.7%
Chi-Chi
6.5%
A-Ble
6.5%
X-5
6.5%
N-Train
5.9%
Gangkiz
5.3%
Pure
5.3%
SMASH
5.1%
Chaos
5%
Global icon
4.7%
Never Mind
3.4%
E:7
3%
N*White
2.8%
VNT
2.2%
Mr. Slam
1.4%

You're not logged in!

Compare scores with friends on all Sporcle quizzes.
Join for Free
OR
Log In

You Might Also Like...

Show Comments

Extras

Created Sep 6, 2016ReportNominate
Tags:Kpop Quiz, Kpop Quiz

Top Quizzes Today


Score Distribution

Your Account Isn't Verified!

In order to create a playlist on Sporcle, you need to verify the email address you used during registration. Go to your Sporcle Settings to finish the process.

Report this User

Report this user for behavior that violates our Community Guidelines.

Details: